000 00715nam a22002291c 4500
001 34136813X
008 090512s2002 gw |||| 000u ger d
020 _a3412159018
_93-412-15901-8
041 _ager
100 1 _aSzegedi, Edit
245 0 0 _aGeschichtsbewusstsein und Gruppenidentität :
_bdie Historiographie der Siebenbürger Sachsen zwischen Barock und Aufklärung /
_cvon Edit Szegedi
264 _aKöln [u.a.] :
_bBöhlau,
_c2002
300 _aVIII, 450 S. : graph. Darst ; 23 cm
650 0 _aGeschichtsschreibung
651 0 _aSiebenbürgen
651 0 _aUngarn
651 0 _aTranssylvanien
942 _cMG
040 _cRU-10907106
003 RU-10907106
999 _c17450
_d17450
490 0 _aStudia Transylvanica
_v28